The religious sublime ; Christian poetry and critical tradition in 18th-century England /

Bibliographic Details
Main Author: Morris, David B.
Format: Book
Language:English
Published: [Lexington] : University Press of Kentucky, [1972]
Series:South Atlantic Modern Language Association award study.
Subjects:

MARC

Tag First Indicator Second Indicator Subfields
LEADER 00000cam a2200000 4500
001 in00000171421
005 20151008093554.0
008 721114s1972 kyu b 00110 eng
010 |a  77190534  
020 |a 0813112702  |c $8.50 
035 |a (OCoLC)00515968 
035 |9 AAU5526AM 
040 |a DLC  |c DLC  |d TXA  |d UtOrBLW 
043 |a e-uk--- 
049 |a TXAM  |c [712325] 
050 0 0 |a PR555.S77  |b M6 
082 0 |a 821/.009/31 
100 1 |a Morris, David B. 
245 1 4 |a The religious sublime ;  |b Christian poetry and critical tradition in 18th-century England /  |c [by] David B. Morris. 
264 1 |a [Lexington] :  |b University Press of Kentucky,  |c [1972] 
300 |a 260 pages ;  |c 23 cm. 
336 |a text  |b txt  |2 rdacontent 
337 |a unmediated  |b n  |2 rdamedia 
338 |a volume  |b nc  |2 rdacarrier 
490 1 |a South Atlantic Modern Language Association award study 
504 |a Includes bibliographical references. 
650 0 |a Religious poetry, English  |x History and criticism. 
650 0 |a English poetry  |y 18th century  |x History and criticism. 
650 0 |a Sublime, The. 
830 0 |a South Atlantic Modern Language Association award study. 
999 |a MARS 
999 f f |s 5efec905-08eb-39d7-96e8-b6e58f5fdf14  |i 83747e42-81b5-3a22-89b5-92f2c16cd765  |t 0 
952 f f |p normal  |a Texas A&M University  |b College Station  |c Sterling C. Evans Library  |d Evans: Library Stacks  |t 0  |e PR555.S77 M6  |h Library of Congress classification  |i unmediated -- volume  |m A14803854196 
998 f f |a PR555.S77 M6  |t 0  |l Evans: Library Stacks